Quantitative seismology / (Record no. 544601)
[ view plain ]
| 000 -LEADER | |
|---|---|
| fixed length control field | 00583cam a2200181 a 4500 |
| 020 ## - INTERNATIONAL STANDARD BOOK NUMBER | |
| International Standard Book Number | 0935702962 (acidfree paper) |
| 082 00 - DEWEY DECIMAL CLASSIFICATION NUMBER | |
| Classification number | 551.22 |
| Author Mark | AKI |
| -- | N-01, P-89,: |
| 100 1# - MAIN ENTRY--PERSONAL NAME | |
| Personal name | Aki, Keiiti, |
| 9 (RLIN) | 40271 |
| 245 10 - TITLE STATEMENT | |
| Title | Quantitative seismology / |
| Statement of responsibility, etc. | Keiiti Aki, Paul G. Richards. |
| 250 ## - EDITION STATEMENT | |
| Edition statement | 2nd ed. |
| 260 ## - PUBLICATION, DISTRIBUTION, ETC. | |
| Place of publication, distribution, etc. | Sausalito, Calif. : |
| Name of publisher, distributor, etc. | University Science Books, |
| Date of publication, distribution, etc. | c2002. |
| 300 ## - PHYSICAL DESCRIPTION | |
| Extent | xviii, 700 p. : |
| Other physical details | ill. ; |
| Dimensions | 26 cm. |
| 526 ## - STUDY PROGRAM INFORMATION NOTE | |
| Program name | 0 |
| Interest level | 0 |
| Reading level | 0 |
| Title point value | 551_220000000000000_AKI |
| 650 #0 - SUBJECT ADDED ENTRY--TOPICAL TERM | |
| Topical term or geographic name entry element | MCE |
| 9 (RLIN) | 379 |
| 650 #0 - SUBJECT ADDED ENTRY--TOPICAL TERM | |
| Topical term or geographic name entry element | Seismology |
| General subdivision | Mathematics. |
| 9 (RLIN) | 40272 |
| 700 1# - ADDED ENTRY--PERSONAL NAME | |
| Personal name | Richards, Paul G., |
| 9 (RLIN) | 40273 |
| 942 ## - ADDED ENTRY ELEMENTS (KOHA) | |
| Source of classification or shelving scheme | |
| Koha item type | Book |
| Withdrawn status | Lost status | Source of classification or shelving scheme | Damaged status | Not for loan | Permanent Location | Current Location | Date acquired | Total Checkouts | Full call number | Barcode | Date last seen | Date last checked out | Price effective from | Koha item type |
|---|---|---|---|---|---|---|---|---|---|---|---|---|---|---|
| Military College of Engineering (MCE) | Military College of Engineering (MCE) | 05/08/2014 | 1 | 551.22 AKI | MCE-36547 | 05/09/2014 | 05/09/2014 | 05/08/2014 | Book |
